Allegorical Authors Quiz Stats

Quiz Updated Oct 9, 2014

Challenge
Share
Tweet
Embed
Score 0/18 Timer 04:00
2 Plays Today
Literary Work Author % Correct
A Christmas CarolCharles Dickens
94.1%
Animal FarmGeorge Orwell
91.3%
Of Mice and MenJohn Steinbeck
87.9%
The Chronicles of NarniaC.S. Lewis
87.4%
Divine ComedyDante Alighieri
85.8%
Moby DickHerman Melville
84.6%
Lord of the FliesWilliam Golding
71.7%
FablesAesop
63.9%
Gulliver's TravelsJonathan Swift
61.3%
Literary Work Author % Correct
His Dark MaterialsPhilip Pullman
45.5%
Black BeautyAnna Sewell
40.4%
Watership DownRichard Adams
36%
The PlagueAlbert Camus
35.5%
The Pilgrim's ProgressJohn Bunyan
33.6%
Life of PiYann Martel
31.6%
A Prayer for Owen MeanyJohn Irving
31.2%
The AlchemistPaulo Coelho
27.3%
Jonathan Livingston SeagullRichard Bach
18.3%

You're not logged in!

Compare scores with friends on all Sporcle quizzes.
Sign Up with Email
OR
Log In

You Might Also Like...

Show Comments

Extras

Top Quizzes Today


Score Distribution

Your Account Isn't Verified!

In order to create a playlist on Sporcle, you need to verify the email address you used during registration. Go to your Sporcle Settings to finish the process.

Report this User

Report this user for behavior that violates our Community Guidelines.

Details: